[Event "Chigorin Memorial"]
[Site "St Petersburg"]
[Date "2015.10.06"]
[Round "4.46"]
[White "Urazayev, Arystanbek"]
[Black "Siva, Mahadevan"]
[Result "0-1"]
[WhiteElo "2217"]
[BlackElo "2392"]
[PlyCount "138"]
[EventDate "2015.10.03"]
[EventRounds "9"]
[EventCountry "RUS"]

1. e4 c5 2. Nf3 d6 3. Bb5+ Nd7 4. b4 a6 5. Bxd7+ Bxd7 6. bxc5 dxc5 7. O-O Nf6
8. d3 g6 9. Nbd2 Bg7 10. Rb1 Qc7 11. Bb2 O-O 12. Be5 Qc6 13. Nc4 b5 14. Ne3 Be6
15. a3 Rfd8 16. Qc1 Bh6 17. Nd5 Bf8 18. Nxf6+ exf6 19. Bxf6 Rdc8 20. Ba1 c4 21.
Qe3 Qc5 22. Nd4 Qxa3 23. Nxe6 fxe6 24. Qd4 c3 25. Rb3 Qd6 26. Qxd6 Bxd6 27.
Bxc3 Rc6 28. Ra1 Rac8 29. Be1 Be5 30. c3 Bxc3 31. Bxc3 Rxc3 32. Rxc3 Rxc3 33.
Kf1 Rc6 34. d4 Kf7 35. Ke2 Ke7 36. Kd3 Kd6 37. f4 h5 38. g3 Kc7 39. d5 exd5 40.
exd5 Rb6 41. Kc3 Kd6 42. Re1 a5 43. h3 Kc5 44. g4 a4 45. Re6 b4+ 46. Kb2 hxg4
47. hxg4 Rd6 48. Re8 Rxd5 49. Rc8+ Kb5 50. Rb8+ Kc4 51. Rc8+ Kd3 52. Ra8 Rd4
53. Rxa4 Rxf4 54. g5 Rg4 55. Ra5 Kc4 56. Re5 Rg2+ 57. Kc1 Kb3 58. Rb5 Rg1+ 59.
Kd2 Kc4 60. Re5 b3 61. Re4+ Kd5 62. Rb4 b2 63. Rxb2 Rg2+ 64. Kc3 Rxb2 65. Kxb2
Ke5 66. Kc2 Kf5 67. Kd2 Kxg5 68. Ke3 Kg4 69. Kf2 Kh3 0-1

[Event "Chigorin Memorial"]
[Site "St Petersburg"]
[Date "2015.10.06"]
[Round "4.47"]
[White "Bublei, Pavel"]
[Black "Menkov, Aleksandr"]
[Result "1-0"]
[WhiteElo "2380"]
[BlackElo "2197"]
[PlyCount "91"]
[EventDate "2015.10.03"]
[EventRounds "9"]
[EventCountry "RUS"]

1. d4 Nf6 2. c4 g6 3. Nc3 Bg7 4. e4 d6 5. f3 O-O 6. Be3 Nbd7 7. Nh3 c5 8. d5
Ne5 9. Nf2 Qb6 10. Qc2 e6 11. Be2 exd5 12. cxd5 Bd7 13. h3 Nh5 14. f4 Bh6 15.
Qc1 Ng3 16. Rg1 Nxe2 17. Nxe2 Qb4+ 18. Bd2 Nd3+ 19. Nxd3 Qxe4 20. Nf2 Qxd5 21.
Ng4 Bg7 22. Bc3 Rae8 23. Bxg7 Kxg7 24. Qc3+ f6 25. Kf2 Qe4 26. Rae1 Bb5 27. Qd2
h5 28. Nc3 Qb4 29. a3 Qb3 30. Ne3 Bc6 31. Ned5 h4 32. Nc7 Rxe1 33. Rxe1 Rf7 34.
Ne6+ Kg8 35. Nd8 Rf8 36. Nxc6 bxc6 37. Re7 d5 38. f5 g5 39. Qe2 Qb8 40. Qe6+
Kh8 41. Ne2 Qd8 42. Rd7 Qe8 43. Qd6 d4 44. Re7 Qc8 45. g4 a5 46. Rd7 1-0

[Event "Chigorin Memorial"]
[Site "St Petersburg"]
[Date "2015.10.06"]
[Round "4.48"]
[White "Ivlev, Aleksey"]
[Black "Rodin, Dmitrij"]
[Result "1/2-1/2"]
[WhiteElo "2215"]
[BlackElo "2378"]
[PlyCount "75"]
[EventDate "2015.10.03"]
[EventRounds "9"]
[EventCountry "RUS"]

1. d4 Nf6 2. Nf3 e6 3. g3 b6 4. Bg2 Bb7 5. c4 Bb4+ 6. Bd2 a5 7. O-O O-O 8. Nc3
Re8 9. Bg5 Bf8 10. d5 h6 11. Bf4 Na6 12. e4 d6 13. Qc2 Nc5 14. Rad1 exd5 15.
exd5 Qd7 16. Nd4 g6 17. b3 Bg7 18. Bc1 Re7 19. a3 Rae8 20. b4 axb4 21. axb4
Nce4 22. Nxe4 Nxe4 23. Ne6 fxe6 24. Qxe4 Kh7 25. dxe6 Bxe4 26. exd7 Rxd7 27.
Be3 Rde7 28. c5 dxc5 29. bxc5 b5 30. Bxe4 Rxe4 31. Rd7 c6 32. Ra1 R8e7 33. Raa7
Rxd7 34. Rxd7 b4 35. Rb7 Kg8 36. Rb8+ Kf7 37. Rb7+ Kf8 38. Rb8+ 1/2-1/2

[Event "Chigorin Memorial"]
[Site "St Petersburg"]
[Date "2015.10.06"]
[Round "4.49"]
[White "Zaykov, Sergey"]
[Black "Kotlyar, Kirill"]
[Result "0-1"]
[WhiteElo "2210"]
[BlackElo "2370"]
[PlyCount "84"]
[EventDate "2015.10.03"]
[EventRounds "9"]
[EventCountry "RUS"]

1. Nf3 Nf6 2. c4 g6 3. Nc3 d5 4. Qa4+ Bd7 5. Qb3 dxc4 6. Qxc4 a6 7. d4 b5 8.
Qb3 Bg7 9. Bg5 O-O 10. e3 c5 11. Bxf6 Bxf6 12. Ne4 cxd4 13. Nxf6+ exf6 14. Nxd4
Nc6 15. Rd1 Qa5+ 16. Qc3 Qxc3+ 17. bxc3 Ne5 18. Bd3 Rac8 19. Kd2 Rc7 20. Rb1
Rfc8 21. Rhc1 Be6 22. f4 Nxd3 23. Kxd3 Bxa2 24. Ra1 Bd5 25. Rxa6 b4 26. Rxf6
Bxg2 27. Rb6 Rxc3+ 28. Rxc3 bxc3 29. Rb1 f5 30. Rc1 Be4+ 31. Ke2 Kg7 32. Nb5
Rb8 33. Nd6 Rb2+ 34. Ke1 Bc2 35. Nc4 Kh6 36. Na3 Be4 37. Rxc3 Rxh2 38. Nc4 Kh5
39. Ne5 Kh4 40. Rc7 Kg3 41. Ra7 Bf3 42. Rg7 Re2+ 0-1

[Event "Chigorin Memorial"]
[Site "St Petersburg"]
[Date "2015.10.06"]
[Round "4.50"]
[White "Yanchenko, Roman"]
[Black "Shpartko, Grigory"]
[Result "0-1"]
[WhiteElo "2370"]
[BlackElo "2193"]
[PlyCount "140"]
[EventDate "2015.10.03"]
[EventRounds "9"]
[EventCountry "RUS"]

1. c4 c5 2. Nc3 Nc6 3. g3 g6 4. Bg2 Bg7 5. d3 e6 6. e4 Nge7 7. Nge2 O-O 8. O-O
a6 9. Be3 Nd4 10. Rb1 Nec6 11. a3 Qe7 12. Na4 b5 13. cxb5 axb5 14. Nb6 Ra6 15.
Nxc8 Rxc8 16. Kh1 b4 17. axb4 cxb4 18. Rc1 Rb8 19. Nxd4 Nxd4 20. Rc4 Qd6 21. f4
Nc6 22. e5 Qc7 23. Qc2 Bf8 24. d4 Qa5 25. g4 Ne7 26. Bd2 d5 27. Rc5 Qd8 28. Qd3
Rbb6 29. Rcc1 Nc6 30. f5 Qh4 31. fxe6 fxe6 32. Rf4 Qe7 33. Rcf1 Ra8 34. g5 Bg7
35. Bh3 Rf8 36. Rxf8+ Bxf8 37. Bg4 Bg7 38. h4 Rb8 39. h5 gxh5 40. Bxh5 Rf8 41.
Rc1 Qd7 42. Bg4 Rb8 43. g6 hxg6 44. Qxg6 Nxd4 45. Be3 Nf5 46. Bxf5 exf5 47. e6
Qe7 48. Bf4 Qh4+ 49. Kg2 Qxf4 50. Qf7+ Kh8 51. Rh1+ Bh6 52. Qf6+ Kh7 53. Qe7+
Kg6 54. Qf7+ Kg5 55. Rg1 Kg4 56. e7 Qe4+ 57. Kf2+ Kf4 58. Qf6 Qc2+ 59. Kf1 Kf3
60. Rg3+ Kxg3 61. Qg6+ Kf3 62. Qh5+ Ke4 63. e8=Q+ Rxe8 64. Qxe8+ Kf4 65. b3
Qd1+ 66. Kg2 Qf3+ 67. Kh2 Bg7 68. Qe1 Be5 69. Qc1+ Kg4+ 70. Kg1 Bd4+ 0-1

[Event "Chigorin Memorial"]
[Site "St Petersburg"]
[Date "2015.10.06"]
[Round "4.51"]
[White "Evdokimov, Alexey"]
[Black "Lokander, Martin"]
[Result "1-0"]
[WhiteElo "2193"]
[BlackElo "2369"]
[PlyCount "113"]
[EventDate "2015.10.03"]
[EventRounds "9"]
[EventCountry "RUS"]

1. c4 d5 2. cxd5 Qxd5 3. Nc3 Qa5 4. d4 e5 5. dxe5 Nc6 6. e4 Nxe5 7. Bd2 c6 8.
f4 Ng6 9. Bc4 Be6 10. Bxe6 fxe6 11. Qb3 O-O-O 12. Qxe6+ Kb8 13. O-O-O Bb4 14.
f5 Nf8 15. Qc4 Nd7 16. Nf3 Ngf6 17. a3 Bd6 18. Kb1 Rhe8 19. Nd5 Qc5 20. Qxc5
Nxc5 21. Nxf6 gxf6 22. e5 fxe5 23. Bg5 Rd7 24. Rhe1 Kc7 25. b4 Na4 26. Kc2 Nb6
27. Bh4 Nc4 28. Kb3 b5 29. Ng5 a5 30. f6 Ra8 31. f7 Kb7 32. Ne4 axb4 33. Nxd6+
Rxd6 34. Rxd6 Nxd6 35. f8=Q Rxf8 36. Be7 Rf2 37. Bxd6 bxa3 38. Kxa3 Rxg2 39.
Bxe5 c5 40. Bg3 Kc6 41. Re7 Kd5 42. Kb3 h5 43. Re5+ Kd4 44. Rxh5 c4+ 45. Ka3
b4+ 46. Kxb4 Rb2+ 47. Ka3 Rb7 48. Bf2+ Kd3 49. Rh3+ Kc2 50. Bd4 Rd7 51. Be5 Rd5
52. Bc3 Kd1 53. Kb4 Ke2 54. Kxc4 Rf5 55. Rh6 Rf4+ 56. Kd5 Kd3 57. Be5 1-0

[Event "Chigorin Memorial"]
[Site "St Petersburg"]
[Date "2015.10.06"]
[Round "4.52"]
[White "Martynov, Pavel"]
[Black "Dragun, Valentin"]
[Result "1-0"]
[WhiteElo "2369"]
[BlackElo "2190"]
[PlyCount "85"]
[EventDate "2015.10.03"]
[EventRounds "9"]
[EventCountry "RUS"]

1. d4 d6 2. Nf3 g6 3. c4 Bg7 4. Nc3 Nf6 5. e4 O-O 6. h3 e5 7. d5 Na6 8. Bg5 Qe8
9. g4 Bd7 10. Nd2 Nc5 11. b4 Na4 12. Nb5 Bxb5 13. cxb5 Nb6 14. a4 h6 15. Be3 c6
16. a5 cxd5 17. g5 Nh7 18. gxh6 Bf6 19. axb6 d4 20. Nc4 dxe3 21. Nxe3 axb6 22.
Rxa8 Qxa8 23. h4 Qa3 24. Bc4 Qxb4+ 25. Kf1 Kh8 26. Kg2 g5 27. h5 g4 28. Qd3 Bg5
29. Nf5 Qd2 30. Qxd2 Bxd2 31. Rd1 Bb4 32. Nxd6 Ng5 33. Nf5 Nxe4 34. Rd7 Nf6 35.
Rxb7 Nxh5 36. Rxb6 Kh7 37. Rc6 Nf4+ 38. Kg3 Ne6 39. b6 Nd8 40. Rc8 Kg6 41. Kxg4
e4 42. Bd5 Ne6 43. b7 1-0

[Event "Chigorin Memorial"]
[Site "St Petersburg"]
[Date "2015.10.06"]
[Round "4.53"]
[White "Baraeva, Marina"]
[Black "Atabayev, Saparmyrat"]
[Result "1/2-1/2"]
[WhiteElo "2189"]
[BlackElo "2368"]
[PlyCount "190"]
[EventDate "2015.10.03"]
[EventRounds "9"]
[EventCountry "RUS"]

1. d4 Nf6 2. c4 e6 3. Nc3 Bb4 4. Qc2 c5 5. dxc5 Bxc5 6. Nf3 O-O 7. Bg5 h6 8.
Bh4 Nc6 9. e3 Be7 10. Be2 d5 11. Rd1 Qa5 12. O-O dxc4 13. Bxc4 a6 14. a3 b5 15.
Ba2 Bb7 16. Bb1 Rfd8 17. Bxf6 Bxf6 18. Ne4 Be7 19. Nc5 Bxc5 20. Qxc5 Rxd1 21.
Rxd1 Rd8 22. Rc1 b4 23. axb4 Qxb4 24. Qc2 g6 25. Qc3 Qxc3 26. bxc3 Na5 27. Bc2
Rc8 28. Bd1 Kf8 29. Kf1 Ke7 30. Ne5 g5 31. g4 f6 32. Nd3 e5 33. Ke2 e4 34. Nb4
Nc4 35. Bb3 a5 36. Nc2 Ne5 37. Nd4 Ba6+ 38. Kd2 Rb8 39. Bc2 Nc4+ 40. Ke1 Kd6
41. Bxe4 Ne5 42. Ra1 Rb2 43. Rxa5 Bc4 44. h3 Kc7 45. Ra7+ Kb8 46. Rh7 Bd3 47.
Bxd3 Nxd3+ 48. Kf1 Nxf2 49. Rxh6 Ne4 50. c4 Nd2+ 51. Kg1 Nxc4 52. Rxf6 Nxe3 53.
Nf3 Rg2+ 54. Kh1 Rg3 55. Nxg5 Nxg4 56. hxg4 Rxg4 57. Nf3 Kc7 58. Kh2 Rg8 59.
Rf5 Kd6 60. Ng5 Ra8 61. Kg3 Ra1 62. Kf4 Rf1+ 63. Nf3 Kc6 64. Ke4 Kb6 65. Rd5
Kc7 66. Ne5 Re1+ 67. Kf5 Rh1 68. Ke6 Rh6+ 69. Ke7 Rh7+ 70. Nf7 Kc6 71. Rf5 Rh1
72. Nd8+ Kb6 73. Rd5 Kc7 74. Ne6+ Kc6 75. Rc5+ Kb6 76. Kd7 Rd1+ 77. Ke7 Re1 78.
Rd5 Kc6 79. Rd4 Re2 80. Rd6+ Kb5 81. Kd7 Kc4 82. Rc6+ Kb4 83. Kc7 Re5 84. Nf4
Rf5 85. Nd3+ Kb5 86. Rc3 Rh5 87. Kd6 Rh6+ 88. Kd5 Rh5+ 89. Ne5 Kb4 90. Re3 Rg5
91. Kd4 Rg1 92. Rd3 Rh1 93. Rd2 Rh4+ 94. Kd5 Rh5 95. Rd3 Rg5 1/2-1/2

[Event "Chigorin Memorial"]
[Site "St Petersburg"]
[Date "2015.10.06"]
[Round "4.54"]
[White "Akkozov, Berik"]
[Black "Basencyan, Mark"]
[Result "0-1"]
[WhiteElo "2356"]
[BlackElo "2187"]
[PlyCount "60"]
[EventDate "2015.10.03"]
[EventRounds "9"]
[EventCountry "RUS"]

1. d4 Nf6 2. c4 g6 3. Nc3 Bg7 4. e4 d6 5. f3 O-O 6. Be3 Nc6 7. Nge2 a6 8. Qd2
Rb8 9. Nc1 e5 10. d5 Nd4 11. N1e2 c5 12. dxc6 bxc6 13. Nxd4 exd4 14. Bxd4 Re8
15. Be2 d5 16. cxd5 Rb4 17. Bc5 Nxe4 18. fxe4 Bxc3 19. Qxc3 Rbxe4 20. O-O-O
Rxe2 21. Kb1 Bf5+ 22. Ka1 cxd5 23. Bd4 Qc8 24. Qg3 Qe6 25. Rhg1 a5 26. Qh4 a4
27. a3 Bc2 28. Rdf1 Qe4 29. Qxe4 R8xe4 30. Bf6 d4 0-1

[Event "Chigorin Memorial"]
[Site "St Petersburg"]
[Date "2015.10.06"]
[Round "4.55"]
[White "Derakhshani, Dorsa"]
[Black "Dilmukhametov, Artur"]
[Result "1-0"]
[WhiteElo "2356"]
[BlackElo "2187"]
[PlyCount "103"]
[EventDate "2015.10.03"]
[EventRounds "9"]
[EventCountry "RUS"]

1. e4 e6 2. d4 d5 3. Nc3 Bb4 4. e5 c5 5. a3 Bxc3+ 6. bxc3 Ne7 7. Qg4 cxd4 8.
Bd3 Qa5 9. Ne2 O-O 10. Bg5 Ng6 11. Qg3 Nd7 12. h4 Ngxe5 13. Bh6 Ng6 14. h5 gxh6
15. hxg6 fxg6 16. Bxg6 Rf6 17. Be8+ Kf8 18. Bxd7 Bxd7 19. Qd6+ Ke8 20. Rh3 Qb6
21. Qe5 Ke7 22. Rxh6 Rxh6 23. Qg7+ Kd6 24. Qxh6 dxc3 25. Rd1 Kc7 26. Qxh7 Rf8
27. f4 Qd6 28. Rd3 Kb8 29. g3 Bb5 30. Rxc3 e5 31. f5 d4 32. Rb3 Bc6 33. g4 e4
34. Qh3 Qf6 35. Rb4 d3 36. cxd3 Qa1+ 37. Kf2 Qxa3 38. Qg3+ Kc8 39. Rd4 e3+ 40.
Qxe3 Re8 41. Re4 Bxe4 42. dxe4 Qxe3+ 43. Kxe3 Kd7 44. g5 b5 45. Nd4 b4 46. g6
Rg8 47. Nb3 Rc8 48. g7 Ke7 49. e5 Kf7 50. f6 Rc3+ 51. Ke4 Rxb3 52. e6+ 1-0

[Event "Chigorin Memorial"]
[Site "St Petersburg"]
[Date "2015.10.06"]
[Round "4.56"]
[White "Musaev, Rasul"]
[Black "Pyatin, Alexander"]
[Result "1-0"]
[WhiteElo "2351"]
[BlackElo "2175"]
[PlyCount "79"]
[EventDate "2015.10.03"]
[EventRounds "9"]
[EventCountry "RUS"]

1. e4 c5 2. Nf3 e6 3. Nc3 Nc6 4. d4 cxd4 5. Nxd4 a6 6. Nxc6 bxc6 7. Bd3 d5 8.
O-O Nf6 9. Re1 Be7 10. e5 Nd7 11. Qg4 g6 12. Na4 Qc7 13. b3 c5 14. c4 d4 15.
Bh6 Nxe5 16. Qg3 Bd6 17. Be4 Nc6 18. Qh4 Rg8 19. Bg5 h5 20. b4 Ra7 21. bxc5 Be7
22. Rab1 f5 23. Bxe7 Nxe7 24. Bc2 Nc6 25. Nb6 Kf7 26. Ba4 Qe7 27. Qf4 Qxc5 28.
Bxc6 Qxc6 29. Qxd4 Re7 30. c5 Bb7 31. f3 e5 32. Rxe5 Rxe5 33. Qxe5 Re8 34. Nc4
Kg8 35. Qd6 Re2 36. Qb8+ Re8 37. Qd6 Re2 38. Qxc6 Bxc6 39. Rb6 Bb5 40. c6 1-0

[Event "Chigorin Memorial"]
[Site "St Petersburg"]
[Date "2015.10.06"]
[Round "4.57"]
[White "Obgolts, Erik"]
[Black "Yeletsky, Ivan"]
[Result "0-1"]
[WhiteElo "2184"]
[BlackElo "2342"]
[PlyCount "56"]
[EventDate "2015.10.03"]
[EventRounds "9"]
[EventCountry "RUS"]

1. d4 d5 2. Nf3 Nf6 3. Bf4 Bf5 4. e3 e6 5. Nbd2 Bd6 6. Bxd6 cxd6 7. c4 dxc4 8.
Bxc4 O-O 9. O-O Nc6 10. a3 h6 11. Qe2 e5 12. d5 Ne7 13. e4 Bg4 14. h3 Bd7 15.
Qe3 Nh5 16. Rfd1 Nf4 17. Rac1 Kh8 18. Kh2 f5 19. Qb3 Qe8 20. Ng1 Ba4 21. Qxb7
Rb8 22. Qxa7 Bxd1 23. Rxd1 Rxb2 24. g3 Nh5 25. Be2 Nc8 26. Qa5 fxe4 27. Nxe4
Qg6 28. f3 Qxe4 0-1

[Event "Chigorin Memorial"]
[Site "St Petersburg"]
[Date "2015.10.06"]
[Round "4.58"]
[White "Tugarin, Anton"]
[Black "Zakaryan, David"]
[Result "0-1"]
[WhiteElo "2177"]
[BlackElo "2335"]
[PlyCount "70"]
[EventDate "2015.10.03"]
[EventRounds "9"]
[EventCountry "RUS"]

1. Nf3 Nf6 2. c4 g6 3. Nc3 d5 4. d4 Bg7 5. cxd5 Nxd5 6. e4 Nxc3 7. bxc3 c5 8.
Be3 O-O 9. Qd2 Nc6 10. Rc1 Qa5 11. d5 Rd8 12. h4 e6 13. h5 exd5 14. hxg6 hxg6
15. Bh6 Bh8 16. Bg5 Rd6 17. Rxh8+ Kxh8 18. Qf4 Qc7 19. Bf6+ Kg8 20. Qh2 Bh3 21.
gxh3 dxe4 22. Nd2 Re8 23. Qf4 Ree6 24. Bg5 Ne5 25. Nxe4 f5 26. Be2 fxe4 27. Kf1
Nd3 28. Qg3 Nxc1 29. Bxc1 e3 30. Bxe3 Rd1+ 31. Kg2 Rg1+ 32. Kxg1 Qxg3+ 33. fxg3
Rxe3 34. Kf2 Rxc3 35. h4 Kg7 0-1

[Event "Chigorin Memorial"]
[Site "St Petersburg"]
[Date "2015.10.06"]
[Round "4.59"]
[White "Nigmatov, Ortik"]
[Black "Pimenov, Valeri"]
[Result "1/2-1/2"]
[WhiteElo "2330"]
[BlackElo "2171"]
[PlyCount "104"]
[EventDate "2015.10.03"]
[EventRounds "9"]
[EventCountry "RUS"]

1. e4 e5 2. Nf3 Nc6 3. Bb5 Nf6 4. d3 Bc5 5. O-O Nd4 6. Nxd4 Bxd4 7. c3 Bb6 8.
Na3 c6 9. Ba4 O-O 10. Bg5 d6 11. Nc4 Bc7 12. Ne3 h6 13. Bh4 Be6 14. Bc2 g5 15.
Bg3 Ne8 16. d4 Ng7 17. Bb3 Qe7 18. Bxe6 Qxe6 19. d5 Qg6 20. dxc6 bxc6 21. Qa4
d5 22. f3 Bb6 23. Bf2 Bxe3 24. Bxe3 f5 25. exd5 cxd5 26. Rad1 Qe6 27. Rfe1 Rfe8
28. Qa5 f4 29. Bd4 Qd6 30. Bc5 Qc6 31. Bb4 Rad8 32. Rxe5 Rxe5 33. Qxd8+ Kh7 34.
Qb8 Qe6 35. c4 Re2 36. Qxa7 Rxb2 37. Bc3 Rxg2+ 38. Kxg2 Qe2+ 39. Qf2 Qxd1 40.
Qb2 g4 41. Bxg7 Qxf3+ 42. Kg1 Qe3+ 43. Kg2 Qe4+ 44. Kf2 Qf3+ 45. Kg1 Qd1+ 46.
Kf2 Qh1 47. Qb7 Qxh2+ 48. Ke1 Qg1+ 49. Kd2 Qe3+ 50. Kc2 Qe2+ 51. Kb1 Qd1+ 52.
Kb2 Qd2+ 1/2-1/2

[Event "Chigorin Memorial"]
[Site "St Petersburg"]
[Date "2015.10.06"]
[Round "4.60"]
[White "Galaktionov, Artem"]
[Black "Ovod, Evgenija"]
[Result "0-1"]
[WhiteElo "2174"]
[BlackElo "2328"]
[PlyCount "120"]
[EventDate "2015.10.03"]
[EventRounds "9"]
[EventCountry "RUS"]

1. d4 Nf6 2. Nf3 c5 3. d5 b5 4. Bg5 Qb6 5. Bxf6 Qxf6 6. c3 d6 7. e4 a6 8. a4 b4
9. a5 Nd7 10. Qc2 Rb8 11. Nbd2 g5 12. Nc4 g4 13. Nfd2 h5 14. Be2 Bg7 15. Rc1
Qf4 16. g3 Qg5 17. h4 Qg6 18. Bd3 Be5 19. Ne3 e6 20. Ndc4 Ke7 21. O-O Qf6 22.
Be2 Rg8 23. Rfd1 bxc3 24. bxc3 Bb7 25. dxe6 fxe6 26. Nxd6 Bxd6 27. Qd3 Qe5 28.
Nc4 Qxe4 29. Qxe4 Bxe4 30. Rxd6 Ra8 31. Rcd1 Bd5 32. Rxd7+ Kxd7 33. Nb6+ Kc6
34. Nxa8 Rxa8 35. Rb1 c4 36. Rb6+ Kc5 37. Kf1 Ra7 38. Ke1 Rb7 39. Rxa6 Rb1+ 40.
Kd2 Rb2+ 41. Kd1 Ra2 42. Ra7 Bf3 43. Bxf3 gxf3 44. Rh7 e5 45. Rxh5 Kd5 46. Rf5
Ke4 47. Rf6 Rxa5 48. h5 Ra1+ 49. Kd2 Rf1 50. h6 Rxf2+ 51. Kd1 Rh2 52. g4 Ke3
53. g5 f2 54. Rf5 e4 55. Rf6 Rh5 56. Rf8 Rxg5 57. h7 Rh5 58. h8=Q Rxh8 59. Rxh8
f1=Q+ 60. Kc2 Qg2+ 0-1

[Event "Chigorin Memorial"]
[Site "St Petersburg"]
[Date "2015.10.06"]
[Round "4.61"]
[White "Esenov, Annaberdi"]
[Black "Pogosian, Vladimir"]
[Result "1-0"]
[WhiteElo "2323"]
[BlackElo "2167"]
[PlyCount "135"]
[EventDate "2015.10.03"]
[EventRounds "9"]
[EventCountry "RUS"]

1. e4 d6 2. d4 Nf6 3. Nc3 e5 4. dxe5 dxe5 5. Qxd8+ Kxd8 6. Nf3 Bd6 7. Bg5 c6 8.
O-O-O Kc7 9. Bc4 Rf8 10. Rxd6 Kxd6 11. Rd1+ Kc7 12. Nxe5 Be6 13. Be2 Nbd7 14.
Bf4 Nxe5 15. Bxe5+ Kc8 16. f4 Rd8 17. Re1 Ne8 18. f5 Bd7 19. Na4 f6 20. Bf4 g5
21. Bg3 Ng7 22. Nc5 Be8 23. e5 Nh5 24. Bxh5 Bxh5 25. Ne6 Rg8 26. exf6 Re8 27.
Rf1 Rg8 28. Ng7 Bf7 29. Re1 Rd8 30. Ne6 Re8 31. Nxg5 Rxe1+ 32. Bxe1 Bd5 33. f7
Kd7 34. Bb4 Bxf7 35. Nxf7 Re8 36. Kd2 Re4 37. Ba3 b6 38. Kd3 Re1 39. Bb4 Re8
40. Ng5 c5 41. Nxh7 Re5 42. Nf6+ Ke7 43. Bc3 Rxf5 44. Ne4 b5 45. a3 Ke6 46. b4
cxb4 47. axb4 Rh5 48. h3 Rh4 49. Bd4 Kd5 50. Nf6+ Ke6 51. Ng4 Rh7 52. c3 Kf5
53. Ke3 Rd7 54. Ne5 Rh7 55. Kf3 Ke6 56. Ke4 Rh4+ 57. Ng4 Rh7 58. Nf2 a6 59. g4
Re7 60. Nd3 Kf7+ 61. Ne5+ Kg8 62. h4 Re8 63. h5 Kh7 64. g5 Ra8 65. Ng4 a5 66.
g6+ Kg8 67. bxa5 Rxa5 68. Nh6+ 1-0

[Event "Chigorin Memorial"]
[Site "St Petersburg"]
[Date "2015.10.06"]
[Round "4.62"]
[White "Borisovsky, Dmitry"]
[Black "Timerkhanov, Alexander"]
[Result "1/2-1/2"]
[WhiteElo "2169"]
[BlackElo "2321"]
[PlyCount "110"]
[EventDate "2015.10.03"]
[EventRounds "9"]
[EventCountry "RUS"]

1. e4 c5 2. Nf3 d6 3. d4 Nf6 4. Nc3 cxd4 5. Nxd4 a6 6. a4 e5 7. Nf3 Qc7 8. Be3
Be6 9. a5 Nbd7 10. Ng5 Bc4 11. Bxc4 Qxc4 12. Ra4 Qc6 13. Qd3 Rc8 14. O-O Be7
15. Nf3 Nc5 16. Bxc5 Qxc5 17. Nd2 O-O 18. Nc4 Rc6 19. Rd1 Bd8 20. Qe2 Ne8 21.
Nd5 f5 22. exf5 Rxf5 23. Nde3 Rf8 24. Rd5 Qa7 25. Nxe5 dxe5 26. Rxd8 b5 27.
axb6 Qxb6 28. Rd1 Nf6 29. c3 Qb3 30. Rb4 Qe6 31. Rc4 Rb6 32. b4 Qf7 33. Ng4 e4
34. Ne3 Re6 35. Rcd4 Nh5 36. Rd8 Nf4 37. Rxf8+ Kxf8 38. Qd2 Kg8 39. Qd8+ Re8
40. c4 Nh3+ 41. gxh3 Qg6+ 42. Kf1 Rxd8 43. Rxd8+ Kf7 44. Rd7+ Ke8 45. Rd5 Qf6
46. b5 axb5 47. cxb5 g5 48. Rf5 Qg6 49. Kg2 Kd7 50. Rd5+ Kc7 51. Rc5+ Kb7 52.
Rd5 Qh5 53. Rf5 Kb6 54. Nc4+ Kb7 55. Nd6+ Kb6 1/2-1/2

[Event "Chigorin Memorial"]
[Site "St Petersburg"]
[Date "2015.10.06"]
[Round "4.63"]
[White "Schekachikhin, Maksim"]
[Black "Tsirulnik, Maritsa"]
[Result "1-0"]
[WhiteElo "2320"]
[BlackElo "2153"]
[PlyCount "113"]
[EventDate "2015.10.03"]
[EventRounds "9"]
[EventCountry "RUS"]

1. d4 Nf6 2. c4 e6 3. Nc3 Bb4 4. Qc2 O-O 5. Nf3 d5 6. cxd5 exd5 7. Bg5 c6 8. e3
h6 9. Bh4 Nbd7 10. Bd3 Re8 11. O-O Nf8 12. Ne5 g5 13. Bg3 Nh5 14. Qe2 Nxg3 15.
fxg3 f6 16. Ng6 Nxg6 17. Bxg6 Rf8 18. Qh5 Kg7 19. h4 Qe7 20. e4 Bd7 21. Rae1
Be8 22. exd5 Qc7 23. hxg5 fxg5 24. Re6 Rxf1+ 25. Kxf1 Bf7 26. Bxf7 Qxf7+ 27.
Qxf7+ Kxf7 28. Rxh6 Bf8 29. Rh5 Kg6 30. g4 cxd5 31. Rh8 Kg7 32. Rh3 Rd8 33. Rf3
Bb4 34. Rf5 Bxc3 35. Rxg5+ Kh6 36. Rh5+ Kg6 37. bxc3 Rc8 38. Rh3 Rc6 39. Ke2
Ra6 40. Rh5 Rxa2+ 41. Kd3 Rxg2 42. Rxd5 Rxg4 43. Rd7 Rg3+ 44. Kc2 Rg2+ 45. Kb3
Rg1 46. Kb2 Rg2+ 47. Ka3 b6 48. Rxa7 Rg1 49. Kb2 Kf5 50. Re7 Rg6 51. Re5+ Kf4
52. Kb3 Rh6 53. Kb4 Rc6 54. Re8 Kf5 55. c4 Rc7 56. d5 Rh7 57. Re6 1-0

[Event "Chigorin Memorial"]
[Site "St Petersburg"]
[Date "2015.10.06"]
[Round "4.64"]
[White "Vorobjev, Dmitry"]
[Black "Gurvich, Vitaly"]
[Result "1-0"]
[WhiteElo "2163"]
[BlackElo "2315"]
[PlyCount "109"]
[EventDate "2015.10.03"]
[EventRounds "9"]
[EventCountry "RUS"]

1. Nf3 Nf6 2. g3 e6 3. Bg2 d5 4. O-O Be7 5. d3 O-O 6. Nbd2 c5 7. e4 Nc6 8. c3
b6 9. Re1 Ba6 10. e5 Nd7 11. Nf1 b5 12. h4 b4 13. h5 Qa5 14. c4 dxc4 15. dxc4
Rad8 16. Qe2 Nd4 17. Nxd4 cxd4 18. Bf4 d3 19. Qg4 Kh8 20. Nd2 Qc7 21. h6 g6 22.
Bg5 Nc5 23. Qh4 Rfe8 24. Bf6+ Kg8 25. Bc6 Bf8 26. Bxe8 Rxe8 27. Bg5 Bb7 28. b3
a5 29. Rad1 Qc6 30. Qh3 Qc7 31. Kh2 a4 32. Qg4 Ra8 33. Qf4 Qc6 34. f3 Qc7 35.
Ra1 Ra5 36. Qd4 Ra8 37. Kg2 Bc6 38. Qe3 Ra5 39. Qd4 Ra8 40. Rab1 Qb7 41. Rf1
Qc7 42. Rf2 Qb7 43. Nf1 Nd7 44. Be3 Ra5 45. Qxd3 Nxe5 46. Qd8 Ra8 47. Qd1 axb3
48. axb3 Ra2 49. Qd8 Bxf3+ 50. Kg1 Rxf2 51. Kxf2 Qe4 52. Kg1 Qxb1 53. Bc5 Nd7
54. Bxf8 Nxf8 55. Qf6 1-0

[Event "Chigorin Memorial"]
[Site "St Petersburg"]
[Date "2015.10.06"]
[Round "4.65"]
[White "Opanasenko, Mikhail"]
[Black "Hojjatova, Aydan"]
[Result "1-0"]
[WhiteElo "2153"]
[BlackElo "2315"]
[PlyCount "103"]
[EventDate "2015.10.03"]
[EventRounds "9"]
[EventCountry "RUS"]

1. d4 d6 2. Nf3 f5 3. c4 Nf6 4. Nc3 g6 5. Bg5 Bg7 6. Qc1 O-O 7. h4 Nbd7 8. g3
Ng4 9. Nd5 Ndf6 10. Bxf6 Nxf6 11. Nxf6+ Bxf6 12. h5 g5 13. Nxg5 Bxd4 14. Bg2 e6
15. Nf3 Bf6 16. Rb1 Qe7 17. O-O e5 18. e4 Kh8 19. Nh2 Rg8 20. exf5 Bxf5 21.
Bxb7 Rab8 22. Bd5 Rg5 23. Ra1 Rxh5 24. Qe3 c5 25. b3 Qg7 26. Rad1 Bc2 27. Rde1
Rf8 28. Be4 Bxe4 29. Qxe4 Rg8 30. Kg2 Qd7 31. Rh1 Qh3+ 32. Kg1 Rh4 33. Qg2 Qf5
34. Nf1 Rxh1+ 35. Qxh1 Bg5 36. Qe4 Qxe4 37. Rxe4 Kg7 38. f4 exf4 39. gxf4 Bf6
40. Kg2 Bd4 41. Kf3 Kf6 42. Ng3 a5 43. Re2 Rg6 44. Ne4+ Kf5 45. Rh2 Re6 46.
Ng3+ Kf6 47. Rh6+ Kf7 48. Rxh7+ Kg8 49. Ra7 Bc3 50. Ne4 Bb4 51. f5 Rh6 52. Kg4
1-0

[Event "Chigorin Memorial"]
[Site "St Petersburg"]
[Date "2015.10.06"]
[Round "4.66"]
[White "Palchun, Grigory"]
[Black "Danielyan, Vahe"]
[Result "1/2-1/2"]
[WhiteElo "2315"]
[BlackElo "2151"]
[PlyCount "98"]
[EventDate "2015.10.03"]
[EventRounds "9"]
[EventCountry "RUS"]

1. e4 e5 2. Nf3 Nc6 3. Bb5 Nf6 4. O-O Nxe4 5. d4 Nd6 6. Bxc6 dxc6 7. dxe5 Nf5
8. Qxd8+ Kxd8 9. Nc3 Bd7 10. Bf4 h6 11. Rad1 Kc8 12. h3 b6 13. Rd3 g5 14. Bh2
Bg7 15. Ne4 Be6 16. b3 Kb7 17. Rfd1 a5 18. a4 Nh4 19. Nxh4 gxh4 20. Kf1 Bf5 21.
Re3 Rhe8 22. Rd2 Bxe5 23. Nc5+ bxc5 24. Bxe5 Rad8 25. Ke1 Rg8 26. Bf6 Rxd2 27.
Kxd2 Rxg2 28. Bxh4 Rh2 29. Bg3 Rxh3 30. Re7 Bg6 31. Bxc7 Rf3 32. Bf4+ Kb6 33.
Be3 Rf5 34. c3 Rd5+ 35. Kc1 Rd3 36. Kb2 Rd1 37. Ka2 Bb1+ 38. Kb2 Bg6 39. Bxh6
Rb1+ 40. Ka2 Bc2 41. Re2 Rh1 42. Be3 Bb1+ 43. Kb2 Bg6 44. Rd2 Rb1+ 45. Ka2 Rc1
46. b4 Rc2+ 47. Rxc2 Bxc2 48. Bxc5+ Ka6 49. Ka3 axb4+ 1/2-1/2